<?xml version="1.0" encoding="UTF-8"?>
<record
    xmlns:xsi="http://www.w3.org/2001/XMLSchema-instance"
    xsi:schemaLocation="http://www.loc.gov/MARC21/slim http://www.loc.gov/standards/marcxml/schema/MARC21slim.xsd"
    xmlns="http://www.loc.gov/MARC21/slim">

  <leader>00710nam a22001577a 4500</leader>
  <controlfield tag="003">OSt</controlfield>
  <controlfield tag="005">20151020134038.0</controlfield>
  <controlfield tag="008">151020b        xxu||||| |||| 00| 0 eng d</controlfield>
  <datafield tag="040" ind1=" " ind2=" ">
    <subfield code="c">RUA</subfield>
  </datafield>
  <datafield tag="082" ind1=" " ind2=" ">
    <subfield code="a">AVM MEA 2010 B093 Or.1</subfield>
  </datafield>
  <datafield tag="100" ind1=" " ind2=" ">
    <subfield code="9">2501</subfield>
    <subfield code="a">MEAS, MADINA.</subfield>
  </datafield>
  <datafield tag="245" ind1=" " ind2=" ">
    <subfield code="a">The effect of sugar palm molasses and rice bran on the quality of para grass silage at (celagrid),&#x200B; &#x179F;&#x17B7;&#x1780;&#x17D2;&#x179F;&#x17B6;&#x1796;&#x17B8;&#x17A5;&#x1791;&#x17D2;&#x1792;&#x17B7;&#x1796;&#x179B;&#x1793;&#x17C3;&#x179F;&#x17D2;&#x1780;&#x179A;&#x179A;&#x1784;&#x17BC; &#x1793;&#x17B7;&#x1784;&#x1780;&#x1793;&#x17D2;&#x1791;&#x17BB;&#x1780;&#x178A;&#x17BE;&#x1798;&#x17D2;&#x1794;&#x17B8;&#x1794;&#x1784;&#x17D2;&#x1780;&#x17BE;&#x1793;&#x1782;&#x17BB;&#x178E;&#x1797;&#x17B6;&#x1796;&#x1793;&#x17C3;&#x179F;&#x17D2;&#x1798;&#x17C5;&#x1794;&#x17B6;&#x179A;&#x17B6;&#x17C6;&#x1784;&#x1795;&#x17D2;&#x17A2;&#x17B6;&#x1794;&#x17CB;&#x1793;&#x17C5;&#x179F;&#x17C2;&#x179F;&#x17A2;&#x17B6;&#x1782;&#x17D2;&#x179A;&#x17B8;&#x178F;</subfield>
  </datafield>
  <datafield tag="260" ind1=" " ind2=" ">
    <subfield code="a">Phnom Penh</subfield>
    <subfield code="b">RUA</subfield>
    <subfield code="c">2010</subfield>
  </datafield>
  <datafield tag="300" ind1=" " ind2=" ">
    <subfield code="a">ix; 32p.</subfield>
    <subfield code="b">ill.</subfield>
    <subfield code="c">29cm.</subfield>
  </datafield>
  <datafield tag="942" ind1=" " ind2=" ">
    <subfield code="2">ddc</subfield>
    <subfield code="c">AVM</subfield>
  </datafield>
  <datafield tag="999" ind1=" " ind2=" ">
    <subfield code="c">2354</subfield>
    <subfield code="d">2354</subfield>
  </datafield>
  <datafield tag="952" ind1=" " ind2=" ">
    <subfield code="0">0</subfield>
    <subfield code="1">0</subfield>
    <subfield code="2">ddc</subfield>
    <subfield code="4">0</subfield>
    <subfield code="6">AVM_MEA_2010_000000000000000_B093_OR_1</subfield>
    <subfield code="7">0</subfield>
    <subfield code="9">10314</subfield>
    <subfield code="a">LBB</subfield>
    <subfield code="b">LBB</subfield>
    <subfield code="c">B093</subfield>
    <subfield code="d">2015-10-20</subfield>
    <subfield code="l">1</subfield>
    <subfield code="o">AVM MEA 2010 B093 Or.1</subfield>
    <subfield code="p">RUA019921</subfield>
    <subfield code="r">2016-06-16</subfield>
    <subfield code="s">2016-06-07</subfield>
    <subfield code="w">2015-10-20</subfield>
    <subfield code="y">AVM</subfield>
  </datafield>
  <datafield tag="952" ind1=" " ind2=" ">
    <subfield code="0">0</subfield>
    <subfield code="1">0</subfield>
    <subfield code="2">ddc</subfield>
    <subfield code="4">0</subfield>
    <subfield code="6">AVM_MEA_2010_000000000000000_B093_OR_2</subfield>
    <subfield code="7">0</subfield>
    <subfield code="9">10315</subfield>
    <subfield code="a">LBB</subfield>
    <subfield code="b">LBB</subfield>
    <subfield code="c">B093</subfield>
    <subfield code="d">2015-10-20</subfield>
    <subfield code="l">1</subfield>
    <subfield code="o">AVM MEA 2010 B093 Or.2</subfield>
    <subfield code="p">RUA019777</subfield>
    <subfield code="r">2023-12-20</subfield>
    <subfield code="s">2023-11-22</subfield>
    <subfield code="w">2015-10-20</subfield>
    <subfield code="y">AVM</subfield>
  </datafield>
  <datafield tag="952" ind1=" " ind2=" ">
    <subfield code="0">0</subfield>
    <subfield code="1">0</subfield>
    <subfield code="2">ddc</subfield>
    <subfield code="4">0</subfield>
    <subfield code="6">AVM_MEA_2010_000000000000000_B093_OR_3</subfield>
    <subfield code="7">0</subfield>
    <subfield code="9">10316</subfield>
    <subfield code="a">LBB</subfield>
    <subfield code="b">LBB</subfield>
    <subfield code="c">B093</subfield>
    <subfield code="d">2015-10-20</subfield>
    <subfield code="o">AVM MEA 2010 B093 Or.3</subfield>
    <subfield code="p">RUA015604</subfield>
    <subfield code="r">2015-10-20</subfield>
    <subfield code="w">2015-10-20</subfield>
    <subfield code="y">AVM</subfield>
  </datafield>
  <datafield tag="952" ind1=" " ind2=" ">
    <subfield code="0">0</subfield>
    <subfield code="1">0</subfield>
    <subfield code="2">ddc</subfield>
    <subfield code="4">0</subfield>
    <subfield code="6">AVM_MEA_2010_000000000000000_B093_OR_4</subfield>
    <subfield code="7">0</subfield>
    <subfield code="9">10317</subfield>
    <subfield code="a">LBB</subfield>
    <subfield code="b">LBB</subfield>
    <subfield code="c">B093</subfield>
    <subfield code="d">2015-10-20</subfield>
    <subfield code="l">2</subfield>
    <subfield code="o">AVM MEA 2010 B093 Or.4</subfield>
    <subfield code="p">RUA015469</subfield>
    <subfield code="r">2016-10-07</subfield>
    <subfield code="s">2016-09-27</subfield>
    <subfield code="w">2015-10-20</subfield>
    <subfield code="y">AVM</subfield>
  </datafield>
  <datafield tag="952" ind1=" " ind2=" ">
    <subfield code="0">0</subfield>
    <subfield code="1">0</subfield>
    <subfield code="2">ddc</subfield>
    <subfield code="4">0</subfield>
    <subfield code="6">AVM_MEA_2010_000000000000000_B093_OR_5</subfield>
    <subfield code="7">0</subfield>
    <subfield code="9">10318</subfield>
    <subfield code="a">LBB</subfield>
    <subfield code="b">LBB</subfield>
    <subfield code="c">B093</subfield>
    <subfield code="d">2015-10-20</subfield>
    <subfield code="l">1</subfield>
    <subfield code="o">AVM MEA 2010 B093 Or.5</subfield>
    <subfield code="p">RUA015675</subfield>
    <subfield code="r">2022-11-04</subfield>
    <subfield code="s">2022-10-24</subfield>
    <subfield code="w">2015-10-20</subfield>
    <subfield code="y">AVM</subfield>
  </datafield>
  <datafield tag="952" ind1=" " ind2=" ">
    <subfield code="0">0</subfield>
    <subfield code="1">0</subfield>
    <subfield code="2">ddc</subfield>
    <subfield code="4">0</subfield>
    <subfield code="6">AVM_MEA_2010_000000000000000_B093_OR_6</subfield>
    <subfield code="7">0</subfield>
    <subfield code="9">10319</subfield>
    <subfield code="a">LBB</subfield>
    <subfield code="b">LBB</subfield>
    <subfield code="c">B093</subfield>
    <subfield code="d">2015-10-20</subfield>
    <subfield code="o">AVM MEA 2010 B093 Or.6</subfield>
    <subfield code="p">RUA015388</subfield>
    <subfield code="r">2015-10-20</subfield>
    <subfield code="w">2015-10-20</subfield>
    <subfield code="y">AVM</subfield>
  </datafield>
</record>
